| 000 | 01182nam a2200241 a 4500 | ||
|---|---|---|---|
| 001 | 000034260 | ||
| 005 | 20200930070919.0 | ||
| 008 | 110929s2002 es abd 000 0 spa d | ||
| 020 | _a8400080416 | ||
| 040 |
_aDO-SdBNP _bspa _cBNPHU |
||
| 100 | 1 |
_aPérez Yruela, Manuel _959677 |
|
| 245 | 1 | 0 |
_aPobreza y exclusión social en Andalucía / _cManuel Pérez Yruela, Hilario Sáez Méndez y Manuel Trujillo Carmona ; equipo de investigación Luis Rodríguez Morcillo...[et.al] ; colaboradores Agustín Fleta, Ignacio Rejano. |
| 260 |
_aCordoba : _bConsejo Superior de Investigaciones Científicas, _c2002. |
||
| 300 |
_a475 p. ; : _bil., gráf. map. ; _c24 cm. |
||
| 490 | 1 |
_aPoliteya. Estudios de política y sociedad; _v18 |
|
| 504 | _aBibliográficas | ||
| 505 | 2 |
_tPobreza y exclusión social: tipológías y análisis cuantitativo -- _tCaracterísticas de los procesos de exclusión social: análisis de las historias de vida |
|
| 700 | 1 |
_aSáez Méndez, Hilario _959678 |
|
| 700 | 1 |
_aTrujillo Carmona, Manuel _959679 |
|
| 710 | 1 |
_aInstituto de Estudios Sociales Avanzados (España) _959680 |
|
| 830 | 0 |
_aPoliteya. Estudios de política y sociedad ; _v18 _915695 |
|
| 049 | _aBNPD | ||
| 999 |
_c33751 _d33751 |
||